000 00902cam a2200241 a 4500
001 000008415
005 20200929161335.0
008 830726s1982 cu 001 p spa
040 _aDO-SdBNP
_bspa
_cDLC
_dBNPHU
082 _aN861.44
_bR928t
100 1 _aRugama, Leonel,
_d1949-1970
_914172
245 1 3 _aLa tierra es un satélite de la luna /
_cLeonel Rugama ; edición, Horacio García Brito.
260 _aLa Habana, (Cuba) :
_bCasa de las Américas,
_c1982.
300 _a125 p. ;
_c19 cm.
490 1 _aLa Honda Casa de las Américas Cuba
650 4 _aPoesía nicaragüense
_98179
650 4 _aLiteratura nicaragüense
_98122
651 4 _aNicaragua
_xHistoria
_xRevolución Popular Sandinista, 1977-1979
_xPoesía
_922681
700 1 _aGarcía Brito, Horacio,
_eed.
_922682
830 0 _aLa Honda Casa de las Américas Cuba ;
_922683
910 _aCatalogación por copia / LC
049 _aBNGR
999 _c8186
_d8186